Kanye West (Ye) - Follow God Lyrics - Statistics

General Stats
  • This quiz has been taken 17 times
  • The average score is 9 of 328
Answer Stats
Answer % Correct
Life
92%
like,
83%
this
83%
is
67%
life
33%
like
33%
whatcha
25%
a
17%
life
17%
live
17%
right
17%
to
17%
Try
17%
your
17%
a
8%
a
8%
a
8%
a
8%
a
8%
a
8%
a
8%
a
8%
a
8%
a
8%
And
8%
And
8%
and
8%
and
8%
But
8%
buttons
8%
Every
8%
fight
8%
I
8%
is
8%
its
8%
know
8%
life
8%
like
8%
like
8%
like
8%
movie
8%
People
8%
Push
8%
really
8%
really
8%
right
8%
single
8%
This
8%
typewrite
8%
very
8%
was
8%
you
8%
your
8%
advice
0%
AHHHHH
0%
ain't
0%
ain't
0%
ain't
0%
ain't
0%
ain't
0%
all
0%
another
0%
Argue
0%
at
0%
at
0%
at
0%
at
0%
back
0%
be
0%
been
0%
being
0%
Being
0%
best
0%
BET
0%
bike
0%
bike
0%
Block
0%
bright
0%
bright
0%
But
0%
Can
0%
Christ
0%
Christ
0%
Christ
0%
Christ
0%
Christ
0%
Christ
0%
close
0%
cool
0%
dad
0%
dad
0%
dad
0%
dad
0%
dad
0%
decimal
0%
deity
0%
do
0%
do
0%
doing
0%
don't
0%
don't
0%
don't
0%
down
0%
Driving
0%
else
0%
'em
0%
even
0%
ever
0%
Everything
0%
excite
0%
Feeling
0%
find
0%
fool
0%
for
0%
for
0%
for
0%
for
0%
for
0%
free
0%
gas
0%
get
0%
Give
0%
God
0%
good
0%
gram
0%
have
0%
He
0%
he
0%
he
0%
he
0%
He
0%
He
0%
him
0%
I
0%
I
0%
I
0%
I
0%
I
0%
I
0%
I
0%
I
0%
I
0%
I
0%
I
0%
if
0%
if
0%
if
0%
I'm
0%
I'm
0%
I'm
0%
in
0%
it
0%
it
0%
it
0%
it
0%
it
0%
it
0%
its
0%
it's
0%
I've
0%
just
0%
just
0%
just
0%
just
0%
know
0%
lets
0%
Letter
0%
life
0%
life
0%
life
0%
life
0%
light
0%
light
0%
like
0%
like
0%
like
0%
like
0%
like
0%
like
0%
like
0%
like
0%
like
0%
like
0%
like
0%
like
0%
like
0%
like—
0%
like,
0%
like
0%
likes
0%
looking
0%
Looking
0%
looking
0%
made
0%
Man
0%
Man...
0%
me
0%
me
0%
me
0%
me
0%
me
0%
me
0%
me
0%
Mike
0%
morning
0%
movie
0%
my
0%
my
0%
my
0%
my
0%
my
0%
my
0%
my—
0%
my
0%
my
0%
needing
0%
never
0%
new
0%
next
0%
night
0%
nobody
0%
not
0%
Not
0%
Nothin'
0%
now
0%
now
0%
off
0%
on
0%
on
0%
on
0%
on
0%
on
0%
on
0%
only
0%
only
0%
only
0%
or
0%
perry
0%
picture
0%
piece
0%
prayers
0%
Pressing
0%
really
0%
really
0%
really
0%
really
0%
really
0%
referee
0%
Riding
0%
said
0%
said
0%
said
0%
said
0%
screaming
0%
screaming
0%
Screaming
0%
searching
0%
see
0%
see
0%
see
0%
seein'
0%
Sigel
0%
some
0%
Somebody
0%
spazzin'
0%
spazzin'
0%
start
0%
starts
0%
Supernova
0%
talk
0%
tell
0%
tell
0%
text
0%
that
0%
the
0%
the
0%
the
0%
the
0%
the
0%
they
0%
this
0%
tho
0%
tho
0%
tho
0%
three
0%
to
0%
to
0%
to
0%
told
0%
told
0%
told
0%
tried
0%
trying
0%
trying
0%
turn
0%
tyler
0%
up
0%
wanna
0%
wanna
0%
wanna
0%
was
0%
was
0%
way
0%
way
0%
way
0%
we,
0%
what
0%
what
0%
when
0%
when
0%
white
0%
who
0%
with
0%
with
0%
with
0%
woke
0%
word
0%
wrestle
0%
Wrestling
0%
you
0%
you
0%
you
0%
You
0%
you
0%
your
0%
your
0%
your
0%
you're
0%
No matching quizzes found
Score Distribution
Percent of People with Each Score
Percentile by Number Answered
Your Score History
You have not taken this quiz